Languages of Austria on a Map - Statistics

General Stats
  • This quiz has been taken 400 times
  • The average score is 5 of 7
Answers on the Map
Answers color-coded by a green-red scale on the quiz's map according to % correct below.
 
Answer Stats
Group Flag Speakers Answer % Correct
Germanic 15,000,000 Austro-Bavarian
100%
Uralic 14,000,000 Hungarian
94%
Slavic 2,500,000 Slovenian
92%
Slavic 50,000 Burgenland Croatian
82%
Germanic 7,160,000 Alemannic German
81%
Romance 40,000 Romansh
69%
Germanic 820,000 Swabian German
24%
No matching quizzes found
Score Distribution
Percent of People with Each Score
Percentile by Number Answered
Your Score History
You have not taken this quiz